Письма В. Глебова П. Д. Святополк-Мирскому - дает характеристику Федорчуку и рекомендует его на пост земского начальника

Доступно только в Электронных читальных залах Найти на картеНа карте
RUSMARC
00003860nac2a22002653x 450
00147bf5773-df76-4e7e-8631-83f1deb1331b
00520231127212900.0
100##$a20231115l1857 k y0rusy50 ca
1010#$arus
102##$aRU
105##$ay z |||e|
1222#$ad18571231
$ad19141231
2001#$aПисьма В. Глебова П. Д. Святополк-Мирскому - дает характеристику Федорчуку и рекомендует его на пост земского начальника
$j[19--]
215##$a4 листа
$d21,5 х 16
251##$cДело
300##$aНа папке дела: б/д
300##$aРукописный текст
461#0$100192272350-62bb-46dc-83bb-8220a1b3e7bb
$12001
$aСвятополк-Мирский Петр Дмитриевич, князь, министр внутренних дел (август 1904 г. - январь 1905 г.)
$1251
$cФонд
$1852
$j1729
462#0$1001c805a107-4c41-4482-a939-9aa544013161
$12001
$aДела постоянного хранения. 1857-1914 гг.
$vД. 657
$1251
$cОпись
$1852
$j1
600#1$aСвятополк-Мирский
$bП. Д.
$cкнязь
$gПетр Дмитриевич
600#1$aГлебов
$bВ.
600#1$aФедорчук
801#0$aRU
$bGA_RF
801#1$aRU
$bГлавНИВЦ
$c20231115
$2rusmarc
801#2$aRU
$bПБ им. Б.Н. Ельцина
$c20231127
$gRCR
$2rusmarc
852##$aГА РФ
$j657
937##$d189198748
$hГАРФ
035##$aRuPRLIB51073657
856##$uhttp://readingroom.main.prlib.ru/item.aspx?id_node=n189198748&mode=full
Формат отображения